000 00213nam a2200097Ia 4500
008 230605s9999 xx 000 0 und d
041 _aeng
100 _aFlanagam
245 _aThe Management bible
650 _aM.M.
999 _c417624
_d417624